000 00413nam a22001697a 4500
003 MPLRDC
005 20220104114537.0
008 210129b ||||| |||| 00| 0 eng d
082 _a855 WSQ
100 _a王尚勤著
245 _a海外的中国人
_c
250 _a一版一刷
260 _a
_b中国友谊出版公司
_c1985
300 _b
650 _a散文;随笔、日记
942 _cBK
_o855 WSQ
999 _c8311
_d8301